[Event "HUN-chT2 Erkel 1819"]
[Site "Hungary"]
[Date "2019.03.31"]
[Round "8.1"]
[White "Horvath, Andras"]
[Black "Reznak, Attila"]
[Result "1/2-1/2"]
[WhiteElo "2310"]
[BlackElo "2285"]
[PlyCount "81"]
[EventDate "2018.10.28"]
[EventType "team-tourn"]
[EventRounds "9"]
[EventCountry "HUN"]
[SourceTitle "EXT 2021"]
[Source "ChessBase"]
[SourceDate "2020.10.23"]
[SourceVersion "1"]
[SourceVersionDate "2020.10.23"]
[SourceQuality "1"]
[WhiteTeam "Budapest EAC"]
[BlackTeam "Szada GSBE"]
[WhiteTeamCountry "HUN"]
[BlackTeamCountry "HUN"]

1. d4 Nf6 2. c4 e6 3. g3 Bb4+ 4. Bd2 Qe7 5. Bg2 Nc6 6. Nf3 0-0 7. 0-0 Bxd2 8. Qxd2 d6 9. Nc3 Re8 10. Rac1 Nb8 11. Rfd1 c6 12. b4 Nbd7 13. c5 d5 14. Re1 a6 15. a3 Qd8 16. Rcd1 Qc7 17. e4 dxe4 18. Ng5 Rd8 19. Ngxe4 Nxe4 20. Nxe4 Nf8 21. Qc3 a5 22. Nd6 axb4 23. axb4 Bd7 24. Rb1 Ra4 25. b5 cxb5 26. Bxb7 Rb8 27. Be4 Bc6 28. Rb4 Bxe4 29. Nxe4 Qc6 30. Nd6 Ra2 31. Ra1 Rxa1+ 32. Qxa1 e5 33. Qa7 Nd7 34. d5 Qxc5 35. Qxd7 Qxb4 36. Qxf7+ Kh8 37. Qe6 Qb1+ 38. Kg2 h6 39. Qxe5 Rf8 40. Qe7 Kg8 41. Qe6+ 1/2-1/2

[Event "Perenyi Memorial"]
[Site "Budapest"]
[Date "2016.01.09"]
[Round "4"]
[White "Czumbel, Peter"]
[Black "Reznak, Attila"]
[Result "0-1"]
[WhiteElo "1825"]
[BlackElo "2337"]
[PlyCount "78"]
[EventDate "2016.01.06"]
[EventType "swiss"]
[EventRounds "9"]
[EventCountry "HUN"]
[SourceTitle "CBM 170 Extra"]
[Source "ChessBase"]
[SourceDate "2016.02.25"]
[SourceVersion "1"]
[SourceVersionDate "2016.02.25"]
[SourceQuality "1"]

1. Nf3 c5 2. g3 g6 3. Bg2 Bg7 4. 0-0 Nc6 5. d3 Nf6 6. Nbd2 0-0 7. e4 d5 8. c3 e5 9. Qc2 h6 10. Rd1 Be6 11. Nb3 Qe7 12. exd5 Nxd5 13. Be3 Nxe3 14. fxe3 Rac8 15. d4 cxd4 16. exd4 exd4 17. Nbxd4 Nxd4 18. Nxd4 Bg4 19. Nf3 b5 20. Re1 Qf6 21. Qe4 Bf5 22. Qd4 Qxd4+ 23. Nxd4 Bxd4+ 24. cxd4 Rc2 25. Be4 Bxe4 26. Rxe4 Rxb2 27. Re7 a5 28. Rd1 Rc8 29. d5 Rcc2 30. d6 Rg2+ 31. Kf1 Rxh2 32. Kg1 Rbg2+ 33. Kf1 Rd2 34. Rxd2 Rxd2 35. d7 Kg7 36. Re5 Rxd7 37. Rxb5 Rd3 38. Rxa5 Rxg3 39. a4 Ra3 0-1

[Event "HUN-chT2 Charousek 1516"]
[Site "Hungary"]
[Date "2015.12.06"]
[Round "4.2"]
[White "Reznak, Attila"]
[Black "Markoja, Boris"]
[Result "1/2-1/2"]
[WhiteElo "2370"]
[BlackElo "2317"]
[PlyCount "132"]
[EventDate "2015.10.18"]
[EventType "team-tourn"]
[EventRounds "9"]
[EventCountry "HUN"]
[SourceTitle "CBM 170 Extra"]
[Source "ChessBase"]
[SourceDate "2016.02.25"]
[SourceVersion "1"]
[SourceVersionDate "2016.02.25"]
[SourceQuality "1"]
[WhiteTeam "Balatonfuered"]
[BlackTeam "Aquaprofit II"]
[WhiteTeamCountry "HUN"]
[BlackTeamCountry "HUN"]

1. c4 c5 2. Nc3 g6 3. g3 Bg7 4. Bg2 Nc6 5. Nf3 d6 6. 0-0 Bf5 7. d3 Qd7 8. Nd5 Rc8 9. Re1 Bh3 10. Bh1 Nf6 11. Ng5 h6 12. Nxh3 Qxh3 13. Bg2 Qd7 14. Nxf6+ Bxf6 15. Rb1 h5 16. h3 0-0 17. Bd2 a6 18. Qa4 Rb8 19. a3 Qc8 20. b4 b5 21. Qc2 Qd7 22. bxc5 Nd4 23. Qa2 dxc5 24. Bf4 Rb6 25. h4 Ne6 26. Bh3 Qb7 27. Bxe6 Rxe6 28. cxb5 axb5 29. Qb3 Qa6 30. Qxb5 Qxa3 31. Qc4 Rd8 32. Rbc1 Qb4 33. Be3 Bd4 34. Qxb4 cxb4 35. Bxd4 Rxd4 36. Rb1 Rb6 37. Rb3 Rd7 38. Reb1 Rdb7 39. d4 Kg7 40. Kf1 Kf6 41. e4 Ke6 42. Ke2 Kd6 43. Kd3 e6 44. Ra1 Rc6 45. Ra4 Rcb6 46. f3 Ke7 47. Ra5 Rc6 48. Rc5 Ra6 49. Rc2 Kd6 50. Rcb2 Rab6 51. Ra2 Rc6 52. Ra4 Rcb6 53. g4 hxg4 54. fxg4 Ke7 55. e5 f6 56. exf6+ Kxf6 57. Ke4 Kg7 58. Ra5 Rf7 59. Rc5 Ra7 60. Rc4 Rab7 61. Ke5 Kf7 62. h5 gxh5 63. gxh5 Rd7 64. h6 Rb5+ 65. Ke4 Rh5 66. Rcxb4 Rxh6 1/2-1/2

[Event "Budapest FS11 GM"]
[Site "Budapest"]
[Date "2015.11.13"]
[Round "6"]
[White "Petrov, Martin"]
[Black "Reznak, Attila"]
[Result "1-0"]
[WhiteElo "2403"]
[BlackElo "2370"]
[PlyCount "55"]
[EventDate "2015.11.07"]
[EventType "tourn"]
[EventRounds "9"]
[EventCountry "HUN"]
[EventCategory "7"]
[SourceTitle "CBM 169 Extra"]
[Source "ChessBase"]
[SourceDate "2015.12.18"]
[SourceVersion "1"]
[SourceVersionDate "2015.12.18"]
[SourceQuality "1"]

1. e4 c5 2. Nf3 e6 3. d4 cxd4 4. Nxd4 Nc6 5. Nc3 Qc7 6. Be2 a6 7. 0-0 b5 8. Nxc6 Qxc6 9. Bf3 Bb7 10. Bf4 Rc8 11. Re1 Bb4 12. Qd4 Bxc3 13. bxc3 Nf6 14. Be5 Rg8 15. Rad1 d5 16. exd5 Nxd5 17. Qh4 Rd8 18. Qxh7 Kf8 19. h4 Qc8 20. h5 Rd7 21. h6 g6 22. Bxd5 Bxd5 23. Bf6 Bc6 24. Rxd7 Bxd7 25. Re4 g5 26. Re5 Rg6 27. Qxg6 fxg6 28. h7 1-0

[Event "Budapest FS11 GM"]
[Site "Budapest"]
[Date "2015.11.11"]
[Round "5"]
[White "Reznak, Attila"]
[Black "Sturt, Raven M"]
[Result "1-0"]
[WhiteElo "2370"]
[BlackElo "2392"]
[PlyCount "93"]
[EventDate "2015.11.07"]
[EventType "tourn"]
[EventRounds "9"]
[EventCountry "HUN"]
[EventCategory "7"]
[SourceTitle "CBM 169 Extra"]
[Source "ChessBase"]
[SourceDate "2015.12.18"]
[SourceVersion "1"]
[SourceVersionDate "2015.12.18"]
[SourceQuality "1"]

1. e4 e5 2. Bc4 Nc6 3. Nc3 Nf6 4. d3 Na5 5. Nf3 Nxc4 6. dxc4 Bb4 7. Bd2 Bxc3 8. Bxc3 d6 9. Qd3 Nd7 10. Qe3 Qe7 11. b3 Nc5 12. Nd2 b6 13. Qg3 Ne6 14. Nf1 f5 15. exf5 Nd4 16. Ne3 Bxf5 17. Kd2 0-0 18. Nd5 Qf7 19. Bxd4 c6 20. Nb4 c5 21. Bc3 cxb4 22. Bxb4 a5 23. Bc3 Bg6 24. f3 Qf5 25. Rac1 a4 26. Qg4 Qxg4 27. fxg4 Rf2+ 28. Ke3 Raf8 29. Rhg1 R2f4 30. Rcd1 axb3 31. cxb3 Re4+ 32. Kd2 b5 33. cxb5 d5 34. Rgf1 Ra8 35. a4 d4 36. Bb2 Rxg4 37. g3 Bf7 38. b6 Rg6 39. a5 Bxb3 40. b7 Rd8 41. Rc1 Re6 42. Rc8 Ree8 43. b8Q Rxc8 44. Qxb3+ Kh8 45. a6 Rc7 46. Qb6 Rec8 47. Qxc7 1-0

[Event "Budapest FS11 GM"]
[Site "Budapest"]
[Date "2015.11.07"]
[Round "1"]
[White "Reznak, Attila"]
[Black "Del Rio de Angelis, Salvador Gabriel"]
[Result "0-1"]
[WhiteElo "2370"]
[BlackElo "2516"]
[PlyCount "110"]
[EventDate "2015.11.07"]
[EventType "tourn"]
[EventRounds "9"]
[EventCountry "HUN"]
[EventCategory "7"]
[SourceTitle "CBM 169 Extra"]
[Source "ChessBase"]
[SourceDate "2015.12.18"]
[SourceVersion "1"]
[SourceVersionDate "2015.12.18"]
[SourceQuality "1"]

1. e4 e6 2. d4 c5 3. d5 exd5 4. exd5 d6 5. Nf3 Nf6 6. Be2 Be7 7. 0-0 0-0 8. c4 Bg4 9. Nc3 Nbd7 10. Bf4 Re8 11. Re1 Bf8 12. Qc2 a6 13. Ng5 Bxe2 14. Rxe2 Rxe2 15. Qxe2 Qa5 16. Nge4 Re8 17. Qd3 Nxe4 18. Nxe4 b5 19. b3 bxc4 20. bxc4 f5 21. Nd2 g6 22. a3 Nf6 23. g3 Nh5 24. Bg5 Qc7 25. Nf3 h6 26. Bd2 Nf6 27. Bc3 Ne4 28. Re1 Qf7 29. Nd2 Nxc3 30. Rxe8 Qxe8 31. Qxc3 Bg7 32. Qe3 Qxe3 33. fxe3 Bb2 34. Nb1 Kf7 35. Kf2 g5 36. Kf3 Kf6 37. h3 h5 38. a4 g4+ 39. hxg4 fxg4+ 40. Kf2 Kf5 41. Nd2 Bc3 42. Nb3 Ke5 43. Kf1 Kf6 44. Kf2 Kf5 45. Kf1 Be5 46. Kf2 Ke4 47. Na5 Kd3 48. e4 Kxe4 49. Nc6 Bc3 50. Nb8 a5 51. Nd7 Kd3 52. Nb6 Bf6 53. Nc8 Kxc4 54. Nxd6+ Kxd5 55. Nb7 Bc3 0-1

[Event "Budapest Duna op"]
[Site "Budapest"]
[Date "2015.09.28"]
[Round "6"]
[White "Nemeth, Zoltan"]
[Black "Reznak, Attila"]
[Result "1-0"]
[WhiteElo "2296"]
[BlackElo "2340"]
[PlyCount "61"]
[EventDate "2015.09.23"]
[EventType "swiss"]
[EventRounds "9"]
[EventCountry "HUN"]
[SourceTitle "CBM 168 Extra"]
[Source "ChessBase"]
[SourceDate "2015.10.29"]
[SourceVersion "1"]
[SourceVersionDate "2015.10.29"]
[SourceQuality "1"]

1. d4 d5 2. Nf3 Nf6 3. Nc3 Bf5 4. Nh4 Bg6 5. Nxg6 hxg6 6. Bg5 e6 7. e4 dxe4 8. Nxe4 Be7 9. Nxf6+ gxf6 10. Be3 Qd6 11. Qd2 Nc6 12. a3 Rh4 13. 0-0-0 0-0-0 14. g3 Rh5 15. Bg2 Na5 16. Qd3 c5 17. Qc3 c4 18. d5 b6 19. b4 exd5 20. bxa5 Qxa3+ 21. Qxa3 Bxa3+ 22. Kb1 bxa5 23. Bd4 Be7 24. Bf3 Rhh8 25. Bc3 Rd6 26. Rxd5 Rb6+ 27. Ka2 a4 28. h4 Rd8 29. Rhd1 Rxd5 30. Bxd5 Rd6 31. Rd4 1-0

[Event "Budapest Duna op"]
[Site "Budapest"]
[Date "2015.09.23"]
[Round "1"]
[White "Reznak, Attila"]
[Black "Dudas, Eszter"]
[Result "1-0"]
[WhiteElo "2340"]
[BlackElo "2145"]
[PlyCount "53"]
[EventDate "2015.09.23"]
[EventType "swiss"]
[EventRounds "9"]
[EventCountry "HUN"]
[SourceTitle "CBM 168 Extra"]
[Source "ChessBase"]
[SourceDate "2015.10.29"]
[SourceVersion "1"]
[SourceVersionDate "2015.10.29"]
[SourceQuality "1"]

1. d4 d5 2. c4 c6 3. Nf3 Nf6 4. g3 Bf5 5. Nc3 e6 6. Bg2 h6 7. 0-0 Nbd7 8. Nd2 Be7 9. a3 a5 10. b3 0-0 11. Bb2 Qb8 12. e4 dxe4 13. Ncxe4 Rd8 14. Qe2 Nxe4 15. Nxe4 Nf6 16. Rad1 Bxe4 17. Bxe4 Nxe4 18. Qxe4 Bf6 19. Bc1 Qd6 20. Qg4 Kh7 21. Bb2 Qe7 22. a4 Qb4 23. Rd3 Rd7 24. c5 Rd5 25. Qd1 Rxc5 26. dxc5 Bxb2 27. Qc2 1-0

[Event "Balatonalmadi Pannonia Cup 20th"]
[Site "Balatonalmadi"]
[Date "2015.08.02"]
[Round "7"]
[White "Nagybiro, Laszlo"]
[Black "Reznak, Attila"]
[Result "0-1"]
[WhiteElo "2029"]
[BlackElo "2327"]
[PlyCount "112"]
[EventDate "2015.07.29"]
[EventType "swiss"]
[EventRounds "7"]
[EventCountry "HUN"]
[SourceTitle "EXT 2016"]
[Source "ChessBase"]
[SourceDate "2015.10.08"]
[SourceVersion "1"]
[SourceVersionDate "2015.10.08"]
[SourceQuality "1"]

1. c4 c6 2. d4 d5 3. Nf3 Nf6 4. Nc3 e6 5. Bg5 Nbd7 6. cxd5 cxd5 7. a3 a6 8. e3 Bd6 9. Bd3 0-0 10. 0-0 b5 11. e4 dxe4 12. Nxe4 Be7 13. Qe2 Bb7 14. Nxf6+ Nxf6 15. Rfd1 Qd5 16. Rac1 Rad8 17. Rc7 Bd6 18. Rxb7 Qxb7 19. Bxf6 gxf6 20. d5 Rfe8 21. Qe4 Qxd5 22. Qh4 Kg7 23. Qxh7+ Kf8 24. Bc2 Qb7 25. Re1 Ke7 26. Bb3 Be5 27. Nxe5 fxe5 28. Rxe5 Rd6 29. Qh4+ Kd7 30. a4 Rd3 31. Qb4 Qc7 32. Re1 Qd6 33. Qxd6+ Kxd6 34. Bd1 Rc8 35. Bh5 Ke7 36. axb5 axb5 37. Be2 Rb3 38. h4 Rxb2 39. h5 Kf6 40. f4 b4 41. Bf3 Rc4 42. Re5 Rxf4 43. Rb5 b3 44. Kf1 Rd4 45. Kg1 Kg7 46. Rb7 Rdd2 47. Kh2 Rb1 48. Be4 Re1 49. Bg6 Rf1 50. Be4 b2 51. Kg3 Kh6 52. Rb6 Kxh5 53. Bf3+ Kg5 54. Be4 f5 55. Rb5 Kf6 56. Rb8 Ke5 0-1

[Event "Balatonalmadi Pannonia Cup 20th"]
[Site "Balatonalmadi"]
[Date "2015.07.30"]
[Round "2"]
[White "Reznak, Attila"]
[Black "Trajber, Csaba"]
[Result "1-0"]
[WhiteElo "2327"]
[BlackElo "2056"]
[PlyCount "81"]
[EventDate "2015.07.29"]
[EventType "swiss"]
[EventRounds "7"]
[EventCountry "HUN"]
[SourceTitle "EXT 2016"]
[Source "ChessBase"]
[SourceDate "2015.10.08"]
[SourceVersion "1"]
[SourceVersionDate "2015.10.08"]
[SourceQuality "1"]

1. c4 e5 2. Nc3 Nf6 3. g3 d5 4. cxd5 Nxd5 5. Bg2 Ne7 6. b4 g6 7. Bb2 Bg7 8. d3 0-0 9. Nf3 Nbc6 10. a3 Nd4 11. 0-0 Bg4 12. Nd2 c6 13. h3 Bf5 14. Nce4 a5 15. bxa5 Rxa5 16. Nc4 Ra7 17. e3 b5 18. Ncd6 Bxe4 19. Nxe4 Ne6 20. Qb3 Rd7 21. Rfd1 Qb6 22. a4 b4 23. a5 Qb5 24. Bf1 Qb8 25. Rdc1 Rc8 26. Nc5 Nxc5 27. Rxc5 Rd5 28. Qc4 Qd6 29. Rc1 Ra8 30. Bg2 Rxc5 31. Qxc5 Qd8 32. Ra1 Ra6 33. Qxb4 Nd5 34. Bxd5 cxd5 35. Qb5 Qa8 36. Bc3 e4 37. d4 Bf8 38. Rb1 Bd6 39. Qd7 Rc6 40. Rb7 Qc8 41. Qxf7+ 1-0

[Event "Zalakaros op 34th"]
[Site "Zalakaros"]
[Date "2015.05.19"]
[Round "6"]
[White "Reznak, Attila"]
[Black "Schreiner, Peter"]
[Result "1-0"]
[WhiteElo "2304"]
[BlackElo "2449"]
[PlyCount "97"]
[EventDate "2015.05.14"]
[EventType "swiss"]
[EventRounds "9"]
[EventCountry "HUN"]
[SourceTitle "CBM 166 Extra"]
[Source "ChessBase"]
[SourceDate "2015.06.18"]
[SourceVersion "1"]
[SourceVersionDate "2015.06.18"]
[SourceQuality "1"]

1. e4 e5 2. Nf3 Nc6 3. Nc3 g6 4. d4 exd4 5. Nxd4 Bg7 6. Nxc6 bxc6 7. Bc4 Ne7 8. 0-0 0-0 9. Be3 d6 10. Bd4 c5 11. Bxg7 Kxg7 12. Qe2 Nc6 13. Nd5 Rb8 14. c3 Re8 15. Qc2 f5 16. Bd3 c4 17. Bxc4 fxe4 18. Ne3 Ne5 19. Qxe4 Rxb2 20. Rab1 Rb6 21. Rbd1 Bb7 22. Bd5 c6 23. Bb3 d5 24. Qd4 Qf6 25. Qa4 Ba6 26. Nxd5 cxd5 27. Qxe8 Bxf1 28. Rxf1 Rc6 29. Qb8 Qe7 30. Bxd5 Rxc3 31. h3 Rc2 32. Rb1 Kh6 33. Qb3 Qc5 34. Qe3+ Qxe3 35. fxe3 Kg5 36. Rb4 Rd2 37. Bb3 Re2 38. Re4 Kf6 39. Rf4+ Ke7 40. Ra4 h5 41. e4 h4 42. Kf1 Rb2 43. Rxa7+ Kd6 44. Ra5 Nd7 45. e5+ Kc6 46. e6 Nf6 47. e7 Rb1+ 48. Kf2 Rb2+ 49. Kf3 1-0

[Event "HUN-chT2 Erkel 1415"]
[Site "Hungary"]
[Date "2015.04.26"]
[Round "9.1"]
[White "Reznak, Attila"]
[Black "Toth, Daniel"]
[Result "1-0"]
[WhiteElo "2221"]
[BlackElo "2318"]
[PlyCount "73"]
[EventDate "2014.09.28"]
[EventType "team-tourn"]
[EventRounds "9"]
[EventCountry "HUN"]
[SourceTitle "EXT 2016"]
[Source "ChessBase"]
[SourceDate "2015.10.08"]
[SourceVersion "1"]
[SourceVersionDate "2015.10.08"]
[SourceQuality "1"]
[WhiteTeam "GBSE"]
[BlackTeam "Andornaktalya"]
[WhiteTeamCountry "HUN"]
[BlackTeamCountry "HUN"]

1. d4 Nf6 2. c4 e6 3. Nf3 b6 4. Nc3 Bb7 5. Bg5 Be7 6. Qc2 h6 7. Bxf6 Bxf6 8. e4 d6 9. e5 dxe5 10. dxe5 Be7 11. Bd3 0-0 12. 0-0-0 Qc8 13. Rhg1 Rd8 14. Bh7+ Kh8 15. Rxd8+ Bxd8 16. Be4 Nd7 17. g4 Be7 18. g5 h5 19. g6 f5 20. exf6 Nxf6 21. Ne5 Kg8 22. Qe2 Bd6 23. f4 Bxe4 24. Nxe4 Bxe5 25. fxe5 Nxe4 26. Qxe4 Qf8 27. Qc6 Qf4+ 28. Kc2 Qf5+ 29. Kb3 Rd8 30. Qxc7 Qd3+ 31. Ka4 a6 32. b3 b5+ 33. Ka3 bxc4 34. Qxc4 Qf5 35. Qc5 Rf8 36. h4 Qe4 37. Qd6 1-0

[Event "HUN-chT2 Erkel 1415"]
[Site "Hungary"]
[Date "2015.03.01"]
[Round "7.1"]
[White "Reznak, Attila"]
[Black "Bednay, Dezso"]
[Result "1/2-1/2"]
[WhiteElo "2221"]
[BlackElo "2287"]
[PlyCount "106"]
[EventDate "2014.09.28"]
[EventType "team-tourn"]
[EventRounds "9"]
[EventCountry "HUN"]
[SourceTitle "EXT 2016"]
[Source "ChessBase"]
[SourceDate "2015.10.08"]
[SourceVersion "1"]
[SourceVersionDate "2015.10.08"]
[SourceQuality "1"]
[WhiteTeam "GBSE"]
[BlackTeam "BEAC"]
[WhiteTeamCountry "HUN"]
[BlackTeamCountry "HUN"]

1. e4 c6 2. d4 d5 3. Nc3 dxe4 4. Nxe4 Nd7 5. Nf3 Ngf6 6. Nxf6+ Nxf6 7. Ne5 e6 8. Be2 Qc7 9. Bg5 Nd7 10. Qd3 Bd6 11. Nc4 Bb4+ 12. c3 Be7 13. Bxe7 Kxe7 14. 0-0 Nf6 15. Ne5 Bd7 16. Qg3 Ne8 17. Qh4+ Nf6 18. Rad1 Raf8 19. c4 Kd8 20. Nxd7 Kxd7 21. d5 Kc8 22. dxc6 Qxc6 23. Bf3 Qc7 24. Rd3 Rd8 25. Rb3 b6 26. c5 Nd5 27. cxb6 axb6 28. Qa4 Kb7 29. Qd4 f6 30. a4 Rd6 31. a5 Rhd8 32. g3 Rc6 33. axb6 Rxb6 34. Ra3 Rdd6 35. Rfa1 Kc8 36. Ra7 Rb7 37. Rxb7 Qxb7 38. Qc5+ Qc6 39. Ra8+ Kc7 40. Qa5+ Qb6 41. Qa7+ Qb7 42. Qc5+ Rc6 43. Qa5+ Kd6 44. Rd8+ Ke7 45. Ra8 Rc7 46. Qa4 Qc6 47. Qa3+ Qc5 48. Qd3 Qc2 49. Qd4 Qc4 50. Qxc4 Rxc4 51. Bxd5 exd5 52. Ra7+ Kf8 53. Rd7 Rb4 1/2-1/2

[Event "HUN-chT2 Erkel 1415"]
[Site "Hungary"]
[Date "2014.11.30"]
[Round "3.1"]
[White "Boricsev, Oleg"]
[Black "Reznak, Attila"]
[Result "1-0"]
[WhiteElo "2365"]
[BlackElo "2221"]
[PlyCount "107"]
[EventDate "2014.09.28"]
[EventType "team-tourn"]
[EventRounds "9"]
[EventCountry "HUN"]
[SourceTitle "EXT 2016"]
[Source "ChessBase"]
[SourceDate "2015.10.08"]
[SourceVersion "1"]
[SourceVersionDate "2015.10.08"]
[SourceQuality "1"]
[WhiteTeam "Matra"]
[BlackTeam "GBSE"]
[WhiteTeamCountry "HUN"]
[BlackTeamCountry "HUN"]

1. e4 e5 2. Nf3 Nf6 3. Nxe5 d6 4. Nf3 Nxe4 5. Nc3 Nxc3 6. dxc3 Be7 7. Bf4 Nc6 8. Qd2 Be6 9. 0-0-0 Qd7 10. Bb5 a6 11. Ba4 b5 12. Bb3 0-0 13. Bd5 Rab8 14. Rhe1 Bf6 15. Bg5 Bxg5 16. Nxg5 Bxd5 17. Qxd5 Ne7 18. Qf3 h6 19. Ne4 Ng6 20. Ng3 Rfe8 21. Nf5 b4 22. cxb4 Re5 23. Rxe5 Nxe5 24. Qe4 Re8 25. a3 Ng6 26. Qg4 Qe6 27. Kb1 Qf6 28. f4 Re4 29. Ng3 Re8 30. Qd7 Qe7 31. Qxe7 Rxe7 32. Rf1 Re3 33. Kc1 Kf8 34. Kd2 Re7 35. Nf5 Re6 36. g3 Ne7 37. Nd4 Rf6 38. b5 axb5 39. Nxb5 c5 40. c4 d5 41. Rc1 d4 42. Re1 Nc6 43. Nc7 g5 44. Re8+ Kg7 45. Rc8 Ne7 46. Ne8+ Kg6 47. Rxc5 Rb6 48. b4 Ra6 49. Ra5 Rxa5 50. bxa5 gxf4 51. gxf4 Nc6 52. a6 Kf5 53. Nd6+ Kxf4 54. Nc8 1-0

[Event "HUN-chT2 Erkel 1314"]
[Site "Hungary"]
[Date "2013.11.17"]
[Round "5.2"]
[White "Reznak, Attila"]
[Black "Torok, Adam"]
[Result "0-1"]
[WhiteElo "2245"]
[BlackElo "2110"]
[PlyCount "66"]
[EventDate "2013.09.08"]
[EventType "team-tourn"]
[EventRounds "11"]
[EventCountry "HUN"]
[SourceTitle "EXT 2016"]
[Source "ChessBase"]
[SourceDate "2015.10.08"]
[SourceVersion "1"]
[SourceVersionDate "2015.10.08"]
[SourceQuality "1"]
[WhiteTeam "Szada GSBE"]
[BlackTeam "Vizugy"]
[WhiteTeamCountry "HUN"]
[BlackTeamCountry "HUN"]

1. d4 d5 2. Nf3 e6 3. c4 c6 4. g3 f5 5. Bg2 Nf6 6. Bf4 Bd6 7. Nbd2 0-0 8. Rc1 Bxf4 9. gxf4 Ne4 10. e3 Nd7 11. h4 Qa5 12. a3 Ndf6 13. Ne5 Bd7 14. Bxe4 fxe4 15. Rg1 Be8 16. Kf1 Bh5 17. Qc2 Qd8 18. Nb3 Nd7 19. Rg5 g6 20. Nc5 Nxc5 21. dxc5 h6 22. Rxh5 gxh5 23. Ke2 Kh7 24. Qb3 Qe7 25. f3 Rg8 26. cxd5 Rg2+ 27. Kd1 cxd5 28. Qb4 Rag8 29. Rc2 exf3 30. Qb3 Rg1+ 31. Kd2 R8g2+ 32. Kd3 Rd1+ 33. Kc3 Qxc5+ 0-1